000 003800000a22001570004500
005 20120302054852.0
942 _cBOOK
245 _a Shivcharitra-Saahitya
260 _aPune:Datto Waaman Potdaar,1937.
300 _a142p.
490 _aBharat Itihaas Sanshodhak Mandal Granthmaalaa-47.
040 _aMAR
365 _b1.50/-
650 _aCharitra
650 _aShiv-Charitra
999 _c346829
_d346826